000 00626nam a2200229 i 4500
001 C2-0168604
003 PPAK
005 20180728091118.0
008 980716s1994 enka|||| ||||| | eng d
020 _a1858910179
040 _aPPAK
_beng
_cPPAK
_erda
082 0 4 _a796.6
_2 23
090 0 0 _a796.6
_bSMI
_dR
100 1 _aSmith, Paul,
_eauthor
245 1 0 _aMountain bike maintennace and repair
264 1 _aLeicester :
_bBlitz Editions ,
_c1994
300 _a144 pages :
_billustrations ;
_c26 cm
336 _2rdacontent
_atext
337 _2rdamedia
_aunmediated
338 _2rdacarrier
_avolume
942 _ddc
_cB
999 _c152742
_d152742